00670cam a2200181Ia 4500020002000000020002000020040000800040082002600048245007800074260009700152300002500249500007200274500003900346650001400385650003000399700002300429710003600452 a1856491773 (Hb) a1856491781 (Pb) cDLM a338 ZED 1993 A012 Or.00aFacing the challenge :bresponses to the report of the South Commission / aLondon ;aAtlantic Highlands, N.J. :bZed Books, in association with the South Centre,c1993 axiv, 319 p. ;c23 cm aTitle of commission's report: The Challenge to the South--P. [xiii] aAt head of title: The South Centre 0aDemocracy 0aInternational cooperation1 aNyerere, Julius K.2 aSouth Centre (South Commission)